| 000 | 00794nam a2200229 a 4500 | ||
|---|---|---|---|
| 001 | 000009690 | ||
| 005 | 20240412074212.0 | ||
| 008 | 091001s1999 xxua r 000 p spa d | ||
| 020 | _a1887691138 | ||
| 040 |
_aDO-SdBNP _bspa _cBNPHU |
||
| 082 |
_aRD861.44 _bA185d |
||
| 100 | 1 |
_aAcosta Polanco, José Alberto, _d1964- _924339 |
|
| 245 | 1 | 0 |
_aDestrucciones / _cJosé Acosta ; prólogo Viriato Sención. |
| 260 |
_aSanto Domingo : _bEdiciones Alcance, _c1999. |
||
| 300 |
_a67 p. : _bil. ; _c22 cm. |
||
| 590 | _aPremio Internacional de Poesía "Odón Betanzos Palacios" | ||
| 590 | _aInventariado, 2019 / DG | ||
| 650 | 0 |
_aPoesía dominicana _966 |
|
| 650 | 0 |
_aLiteratura dominicana. _967 |
|
| 700 |
_aSención, Viriato, _d1941- _epról. _927776 |
||
| 910 | _aValidado. Control de calidad. MMOLINA | ||
| 999 |
_c9450 _d9450 |
||